LEADER 01609nam a2200277 i 4500 001 000000083433 003 CaOOAMICUS 005 20240220141204.0 008 160408s1789 it u000 u lat u 013 $a55673 026 $aamo- o-n- ,&t. tari (3) 1789 (R) 040 $aSeMil$bita 110 2 $aAgostiniani .$0(OLS)http://semarc/name/1713 245 10$aBreviarium augustinianum ad usum fratrum & monialium ordinis eremitarum Sancti Augustini juxta formam Breviarii Romani ordinatum, in quo officia tam sanctorum ... fr. Stephano Bellesini totius praefati ordinis priore generalis editum. 260 $aVenetiis :$bEx Typographia Balleoniana,$c1789. 300 $a1 v. (diverse sequenze) ;$c4°. 500 $aVignetta calcogr. sul front. stampato in rosso e nero 500 $aTesto su due colonne 650 4$aAgostiniani - Breviari, messali, processionali, collettari, etc.$0(OLS)http://semarc/subject/1515 700 1 $aBellesini, Stefano,$c.$0(OLS)http://semarc/name/39233 700 1 $aBaglioni,$c.$0(OLS)http://semarc/name/475 850 $aSeMil 852 $aSeMil$W1$xVenegono$y1$m3K V 22 FA$j48011$B48011$CSeMilBibl$Z2$F51032 $8I 996 $6245$aBreviarium augustinianum ad usum fratrum & monialium ordinis eremitarum Sancti Augustini juxta formam Breviarii Romani ordinatum, in quo officia tam sanctorum ... fr. Stephano Bellesini totius praefati ordinis priore generalis editum$9(OLS)http://semarc/title/130479 996 $6260$aVenetiis :$bEx Typographia Balleoniana$9(OLS)http://semarc/publisher/29933 LEADER 01525nam a2200313 i 4500 001 000000124312 003 CaOOAMICUS 005 20170213000000.0 008 170213s1994 it u000 u ita u 013 $a97009 020 $a88-7016-196-X 040 $aSeMil$bita 240 10$aFeministisch gelesen.$0(OLS)http://semarc/title/407944 245 10$aRiletture bibliche al femminile :$b27 saggi di interpretazione biblica femminista /$ca cura di Eva Renate Schmidt, Mieke Korenhof, Renate Jost ; edizione italiana a cura di Giuliana Gandolfo. 260 $aTorino :$bClaudiana,$c1994. 300 $a255 p. ;$c21 cm. 490 0 $aPiccola biblioteca teologica ;$v33 650 4$aBibbia - Interpretazione [delle] donne - Storia.$0(OLS)http://semarc/subject/34018 700 1 $aSchmidt, Eva Renate.$0(OLS)http://semarc/name/93198 700 1 $aGandolfo, Giuliana.$0(OLS)http://semarc/name/19083 700 1 $aJost, Renate.$0(OLS)http://semarc/name/93200 700 1 $aKorenhof, Mieke.$0(OLS)http://semarc/name/93199 830 0$aPiccola biblioteca teologica ;$v33.$0(OLS)http://semarc/title/5954 850 $aSeMil 852 $aSeMil$W1$xVenegono$y1$m2Y II 48$j78912$B78912$CSeMilBibl$Z2$F81142 $81 961 $aOmaggio: Giacomoni Silvia 996 $6020$a88-7016-196-X$9(OLS)http://semarc/number/273523 996 $6245$aRiletture bibliche al femminile :$b27 saggi di interpretazione biblica femminista$9(OLS)http://semarc/title/407943 996 $6260$aTorino :$bClaudiana$9(OLS)http://semarc/publisher/29837